Maestras y maestros (Registro nro. 26802)

Detalles MARC
000 -CABECERA
Longitud fija campo de control 00810nam a22002417a 4500
003 - IDENTIFICADOR DELl NÚMERO DE CONTROL
Identificador del número de control OSt
005 - FECHA Y HORA DE LA ÚLTIMA TRANSACCIÓN
Fecha y hora de la última transacción 20161212164841.0
008 - CÓDIGOS DE INFORMACIÓN DE LONGITUD FIJA
Códigos de información de longitud fija 150407b slv spa
020 ## - NÚMERO INTERNACIONAL NORMALIZADO PARA LIBROS
Número Internacional Normalizado para Libros (ISBN) 978-99961-60-43-1
040 ## - FUENTE DE LA CATALOGACIÓN
Centro transcriptor BMC
082 ## - NÚMERO DE LA CLASIFICACIÓN DECIMAL DEWEY
Númeroo de clasificación 972.84092
245 00 - MENCIÓN DE TÍTULO
Título Maestras y maestros
Resto del título : legendarios de El Salvador
Mención de responsabilidad, etc. José Amilcar Osono, Wendy Cristela Menéndez, Guillermo Cortez Juarez, compiladores
250 ## - MENCIÓN DE EDICIÓN
Mención de edición 1ª ed
260 ## - PUBLICACIÓN, DISTRIBUCIÓN, ETC. (PIE DE IMPRENTA)
Lugar de publicación, distribución, etc. San Miguel, (El Salvador)
Nombre del editor, distribuidor, etc. Universidad Gerardo Barrios
Fecha de publicación, distribución, etc. 2016
300 ## - DESCRIPCIÓN FÍSICA
Extensión 211 p.
Dimensiones 23 cm
490 ## - MENCIÓN DE SERIE
Mención de serie Foro Pedagógico MINED-DNES
Designación de volumen o secuencia I
650 24 - PUNTO DE ACCESO ADICIONAL DE MATERIA - TÉRMINO DE MATERIA
9 (RLIN) 5024
Término de materia o nombre geográfico como elemento inicial Profesores
651 24 - PUNTO DE ACCESO ADICIONAL DE MATERIA - NOMBRE GEOGRÁFICO
9 (RLIN) 19911
Nombre geográfico El Salvador
Subdivisión de forma Biografías
700 1# - PUNTO DE ACCESO ADICIONAL - NOMBRE DE PERSONA
9 (RLIN) 40652
Nombre de persona Osono, Jose Amilcar
700 1# - PUNTO DE ACCESO ADICIONAL - NOMBRE DE PERSONA
9 (RLIN) 40653
Nombre de persona Menendez, Wendy Cristela
700 1# - PUNTO DE ACCESO ADICIONAL - NOMBRE DE PERSONA
9 (RLIN) 40654
Nombre de persona Cortéz Juarez, Guillermo
942 ## - ENTRADA DE ELEMENTOS AGREGADOS (KOHA)
Fuente de clasificaión o esquema Dewey Decimal Classification
Koha [por defecto] tipo de item 4- Trabajo de Graduación
Existencias
Suprimido Perdido Fuente de clasificación o esquema Estropeado Restricciones de uso No para préstamo Código de colección Localización permanente Localización actual Localización en estanter&íacute;as Fecha adquisición Fuente de adquisición Número de inventario Préstamos totales Signatura completa Código de barras Fecha última consulta Fecha del precio de reemplazo Tipo de item de Koha
NULL NULL Dewey Decimal Classification NULL Prestable NULL NULL Biblioteca Miguel de Cervantes - UNICAES Biblioteca Miguel de Cervantes - UNICAES Sala Principal 26/11/2016 Donación - AUPRIDES 032830   972.84092 MAE (T. I) 1040132 12/12/2016 12/12/2016 1- Monografias
NULL NULL Dewey Decimal Classification NULL Prestable NULL NULL Biblioteca Miguel de Cervantes - UNICAES Biblioteca Miguel de Cervantes - UNICAES Sala Principal 26/11/2016 Donación - AUPRIDES 032831   972.84092 MAE (T. I) 1040133 12/12/2016 12/12/2016 1- Monografias
NULL NULL Dewey Decimal Classification NULL Prestable NULL NULL Biblioteca Miguel de Cervantes - UNICAES Biblioteca Miguel de Cervantes - UNICAES Sala Principal 17/12/2020 Facultad de Ciencias y Humanidades 035035   972.84092 MAE (T. I) 1048627 12/07/2021 12/07/2021 1- Monografias
NULL NULL Dewey Decimal Classification NULL Prestable NULL NULL Biblioteca Miguel de Cervantes - UNICAES Biblioteca Miguel de Cervantes - UNICAES Sala Principal 17/12/2020 Facultad de Ciencias y Humanidades 035036   972.84092 MAE (T. 4) 1048628 12/07/2021 12/07/2021 1- Monografias
NULL NULL Dewey Decimal Classification NULL Prestable NULL NULL Biblioteca Miguel de Cervantes - UNICAES Biblioteca Miguel de Cervantes - UNICAES Sala Principal 17/12/2020 Facultad de Ciencias y Humanidades 035037   972.84092 MAE (T. 2) 1048629 12/07/2021 12/07/2021 1- Monografias